| 000 | 00928nmm a2200277 a 4500 | ||
|---|---|---|---|
| 001 | ocm000598048 | ||
| 003 | TR-IsHL | ||
| 005 | 20201028133827.0 | ||
| 008 | 131121s2000 tu tur | ||
| 007 | cr cn | ||
| 020 | _a9789755201108 | ||
| 035 |
_a598048 _b(N$T) |
||
| 050 | 0 | 4 |
_aQ125 _b.K69 2000 |
| 090 | 0 | 4 |
_aQ125 _b.K69 2000 |
| 100 | 1 | _aKoyre, Alexandre | |
| 245 | 1 | 0 |
_aYeniçağ biliminin doğuşu: bilimsel düşüncenin tarihi üzerine incelemeler _h[electronic resource] / _cAlexandre Koyre ; çev. Kurtuluş Dinçer |
| 260 |
_aAnkara : _bGündogan Yayınları, _c2000 |
||
| 300 | _a206 p. | ||
| 650 | 4 | _aGenel Çalışmalar | |
| 650 | 4 | _aGeneral Works | |
| 650 | 0 |
_aBilim _x Tarih |
|
| 650 | 0 |
_aScience _x History |
|
| 650 | 7 |
_aSCIENCE / Applied Sciences _2bisacsh |
|
| 700 | 1 | _aDinçer, Kurtuluş | |
| 856 | 4 | 0 | _uhttp://search.ebscohost.com/login.aspx?direct=true&scope=site&db=e011xww&AN=598048 |
| 999 |
_c5854 _d5854 |
||